| 000 | 01323cad a22002175a 4500 | ||
|---|---|---|---|
| 001 | L157187 | ||
| 008 | 120914s2012 xxk 000 0 eng d | ||
| 035 | _a(Sirsi) u157187 | ||
| 041 | 0 | _aeng | |
| 110 | 2 |
_aInvestment Property Forum _92112 |
|
| 245 | 0 | 0 |
_aCosting energy efficient improvements in existing commercial buildings _bsummary - July 2012 |
| 260 |
_aLondon _bIPF _c2012 |
||
| 520 | _aUpdating a January 2009 report, this research demonstrates that a business case remains for taking action to improve energy performance in existing commercial buildings. The Energy Performance Certificate (EPC) rating for an office, retail building or industrial/warehouse building can be improved cost effectively by either specifying more energy efficient building services when undertaking a refurbishment project or through ad hoc improvements when the building is wholly or partly occupied. Covers energy, CO2 and commercial buildings, the building selection methodology, and energy efficiency quick wins. | ||
| 590 | _aNTK KA | ||
| 651 | 4 | _aUnited Kingdom | |
| 690 |
_aCommercial property _96227 |
||
| 690 |
_aRefurbishment _96264 |
||
| 690 |
_aEnergy _96237 |
||
| 856 | 4 | 0 |
_uhttps://www.ipf.org.uk/home/research/research_archive/default.aspx _zView the research in the Summaries Folder at www.ipf.org.uk |
| 942 | _n0 | ||
| 999 |
_c84286 _d84286 |
||